Breaking Bad "Most Challenging" Trivia Quiz Ever! - Statistics

General Stats
  • This quiz has been taken 249 times
  • The average score is 3 of 20
Answer Stats
% Correct
What was Saul Goodman's license plate? LWYRUP
58%
To whom did Walter annouce himself as "Heisenberg" for the very first time? Tuco Salamanca
48%
What country were the laundry workers deported to after helping Walt's lab cleanup? Honduras
47%
What was Jesse's first car's license plate? THE CAPN
30%
What food joint Jesse was eating at when he scored his first gun? Dog House
19%
What was the volume of their giant round bottom boiling flask? 5000 ml
17%
How many dollars were in the envelope Walt slipped to Jesse in the convenience store? 600
15%
What objects did Walter observe both in his hospital room and Uncle Jack's motel room? Paintings
15%
What was Jesse's favorite snackfood? Funyons
13%
What was the slogan on everyone's New Mexico license plates? Land of Enchantment
13%
What was the color & model of Walt's student's car at the carwwash? Red Corvette
8%
What brand of cigarettes did Jesse smoke? Wilmington
8%
Which wheel on Walt's car was always missing a hubcap? Left Rear
5%
What was Jane's cell phone number? 505-149-4985
4%
What was the apartment # of Walt's temporary residence? 221
3%
What store did Marie shoplift the Tiara from? Gertrude Zachary's
1%
What was the name of the store where Walter walked around naked? Hi-Lo Market
1%
The name of the abandoned motor lodge where the first drug deal with Gus took place? De Anza
0%
What were Walter and Skyler's favorite brand of disposable diapers? Dry 'n Tidy
0%
What was the railroad company name on the locomotive pulling the Methylamine train? Santa Fe Southern
0%
No matching quizzes found
Score Distribution
Percent of People with Each Score
Percentile by Number Answered
Your Score History
You have not taken this quiz